हर दिन इतिहास / (Record no. 117272)

MARC details
000 -LEADER
fixed length control field 01000nam a22002537a 4500
005 - DATE AND TIME OF LATEST TRANSACTION
control field 20170124103053.0
010 ## - LIBRARY OF CONGRESS CONTROL NUMBER
LC control number A-730261
020 ## - INTERNATIONAL STANDARD BOOK NUMBER
Terms of availability 100.00
International Standard Book Number 8170554087
035 ## - SYSTEM CONTROL NUMBER
System control number A-730261
037 ## - SOURCE OF ACQUISITION
Source of stock number/acquisition Cen Lib/Ret
040 ## - CATALOGING SOURCE
Original cataloging agency DPL
Language of cataloging HN
082 ## - DEWEY DECIMAL CLASSIFICATION NUMBER
Classification number
Item number शशिप्र
100 ## - MAIN ENTRY--PERSONAL NAME
Personal name शशिप्रभा शाश्त्री
9 (RLIN) 71081
245 ## - TITLE STATEMENT
Title हर दिन इतिहास /
Statement of responsibility, etc शशिप्रभा शाश्त्री
246 ## - VARYING FORM OF TITLE
Title proper/short title Har din itihas
Remainder of title by Shashiprabha Shashtri
260 ## - PUBLICATION, DISTRIBUTION, ETC. (IMPRINT)
Place of publication, distribution, etc नई दिल्ली
Name of publisher, distributor, etc वाणी प्रकाशन
270 ## - ADDRESS
Address 21,ए -दरियागंज
City नई दिल्ली
Postal code 110002
300 ## - PHYSICAL DESCRIPTION
Extent 187पृष्ठ.
Dimensions 20सेमी(सजिल्द)
650 ## - SUBJECT ADDED ENTRY--TOPICAL TERM
Topical term or geographic name as entry element हिंदी साहित्य
9 (RLIN) 71082
650 ## - SUBJECT ADDED ENTRY--TOPICAL TERM
Topical term or geographic name as entry element हिंदी उपन्यास
9 (RLIN) 71083
650 ## - SUBJECT ADDED ENTRY--TOPICAL TERM
Topical term or geographic name as entry element Hindi literature
9 (RLIN) 71084
650 ## - SUBJECT ADDED ENTRY--TOPICAL TERM
Topical term or geographic name as entry element Hindi Novel
9 (RLIN) 71085
942 ## - ADDED ENTRY ELEMENTS (KOHA)
Source of classification or shelving scheme Dewey Decimal Classification
Koha item type Hindi Books
Classification part
Call number suffix शशिप्र
Holdings
Withdrawn status Lost status Damaged status Not for loan Home library Current library Date acquired Source of acquisition Cost, normal purchase price Total Checkouts Total Renewals Full call number Barcode Date last seen Date checked out Copy number Cost, replacement price Price effective from Koha item type Source of classification or shelving scheme Public note
        Central Library Central Library 26/08/2015 Cen Lib /Ret 100.00 3 2 उ शशिप्र A-730261 25/06/2018 11/06/2018 1 100.00 26/08/2015 Hindi Books    
Written off       Central Library Central Library 11/11/2016 Cen Lib/Ret 100.00     उ शशिप्र A-730262 11/11/2016   2 150.00 11/11/2016 Hindi Books Dewey Decimal Classification Written off on approval by DLB (By Circulation); dtd 20.12.2022

© Delhi Public Library
Hit Counter
free hit counter